000 00817nam a2200265Ia 4500
001 21727
005 20260320113307.0
008 260320s9999||||xx |||||||||||||| ||und||
020 _a9786123331535
041 _aESP
082 _a346.1
_bC17
100 _aCalderón Puertas, Carlos,
_eAUT
245 0 _aLecciones de derecho de las personas II :
_bdaño a la persona. Tutela inhibitoria
246 _a
_5
_b
250 _aPrimera edición
260 _aLima :
_bGaceta Jurídica,
_c2025
300 _a318 páginas :
_bcuadros, diagramas ;
_c25 cm.
_e
440 _a
_n
_v
650 _aCIS
653 _aDerecho; Derecho civil; Derecho de las personas
654 _aDER
700 _a
_c
856 _uhttps://app-vlex-com.ucsp.lookproxy.com/
_zVéase además: Base de datos Vlex
942 _cLIB
_dJUS
_fMIP
_2ddc
_n
999 _c21727
_d21727